| 000 | 00395nam a2200157Ia 4500 | ||
|---|---|---|---|
| 008 | 230312s9999||||xx |||||||||||||| ||und|| | ||
| 020 | _a81-317-0705-9 | ||
| 082 |
_a658.80285 _bAWA-E |
||
| 100 | _aAwad,Elias.M | ||
| 245 | 0 | _aElectronic Commerce | |
| 260 |
_bPearson Education _aIndia _c2007 |
||
| 300 | _a575 | ||
| 546 | _aEng. | ||
| 650 |
_aEngineering _vFirstThings,World wide web |
||
| 942 | _cBK | ||
| 999 |
_c114 _d114 |
||